[Event "22nd Costa del Sol it"]
[Site "Torremolinos ESP"]
[Date "1983.02.10"]
[Round "7"]
[White "Medina Garcia, Antonio Angel"]
[Black "Campora, Daniel Hugo"]
[Result "1-0"]
[WhiteElo "2365"]
[BlackElo "2480"]
[EventDate "1983.02.01"]
[PlyCount "93"]

1. e4 c6 2. d4 d5 3. Nc3 dxe4 4. Nxe4 Bf5 5. Ng3 Bg6 6. h4 h6 7. Nf3 Nd7 8. h5
Bh7 9. Bd3 Bxd3 10. Qxd3 e6 11. Bf4 Qa5+ 12. Bd2 Qc7 13. O-O-O Ngf6 14. Ne4
O-O-O 15. g3 Nxe4 16. Qxe4 Bd6 17. c4 c5 18. Bc3 Kb8 19. d5 e5 20. Rhe1 Rde8
21. Nh4 Nf6 22. Qc2 Nxh5 23. Nf5 g6 24. Nxd6 Qxd6 25. Qe4 Ka8 26. Bxe5 Qd8 27.
Qd3 Rhg8 28. Bc3 Qd6 29. Re3 a6 30. Rde1 Qd7 31. Qe2 Rxe3 32. Qxe3 Rc8 33. Qf3
f5 34. Re6 Qf7 35. Qe2 f4 36. Re7 Qf8 37. d6 fxg3 38. fxg3 Nxg3 39. Qg2 Qf4+
40. Bd2 Qxc4+ 41. Kd1 Qg4+ 42. Ke1 Rc6 43. d7 Re6+ 44. Be3 Rxe3+ 45. Rxe3 Qxd7
46. Qxg3 g5 47. Qe5 1-0

[Event "22nd Costa del Sol it"]
[Site "Torremolinos ESP"]
[Date "1983.02.10"]
[Round "7"]
[White "Munoz Moreno, Francisco Javier"]
[Black "Ivkov, Borislav"]
[Result "1/2-1/2"]
[WhiteElo "2265"]
[BlackElo "2475"]
[EventDate "1983.02.01"]
[PlyCount "59"]

1. e4 e5 2. Nf3 Nc6 3. Bb5 a6 4. Ba4 Nf6 5. O-O Be7 6. Re1 b5 7. Bb3 d6 8. c3
O-O 9. h3 Na5 10. Bc2 c5 11. d4 Nd7 12. Nbd2 Bf6 13. Nf1 Nb6 14. Ne3 cxd4 15.
cxd4 Nc6 16. d5 Nb4 17. Bb1 a5 18. Bd2 Na4 19. b3 Nc5 20. Bxb4 axb4 21. Bd3 Bd7
22. Nc2 Qa5 23. Bf1 Be7 24. a3 Nxb3 25. axb4 Qc7 26. Rb1 Rfc8 27. Ne3 Nd4 28.
Nxd4 exd4 29. Qxd4 Bf6 30. Qd1 1/2-1/2

[Event "22nd Costa del Sol it"]
[Site "Torremolinos ESP"]
[Date "1983.02.10"]
[Round "7"]
[White "Rivas Pastor, Manuel"]
[Black "Bellon Lopez, Juan Manuel"]
[Result "1-0"]
[WhiteElo "2465"]
[BlackElo "2425"]
[EventDate "1983.02.01"]
[PlyCount "121"]

1. d4 Nf6 2. c4 c5 3. d5 e6 4. Nc3 exd5 5. cxd5 d6 6. e4 g6 7. Bd3 Bg7 8. Nge2
O-O 9. O-O b6 10. Rb1 Ba6 11. Bxa6 Nxa6 12. a3 Re8 13. f3 Nc7 14. Bg5 Qd7 15.
b4 Rab8 16. Qd2 a5 17. b5 Kh8 18. Kh1 Ng8 19. f4 f6 20. Bh4 Nh6 21. a4 Rf8 22.
Rbe1 Rbe8 23. h3 Re7 24. Ng1 Ne8 25. Nf3 Nf7 26. Nh2 Kg8 27. Ng4 h5 28. Ne3 Bh6
29. Qd1 Qd8 30. g4 g5 31. Bg3 h4 32. Bh2 gxf4 33. Nf5 Ng7 34. Nxh6+ Nxh6 35.
Bxf4 Nf7 36. Qd2 Ne5 37. Bxe5 fxe5 38. Qg5 Ref7 39. Qxd8 Rxd8 40. Rxf7 Kxf7 41.
Rf1+ Ke7 42. Nb1 c4 43. Rc1 Rc8 44. Rc3 Ne8 45. Nd2 Nf6 46. Rxc4 Rxc4 47. Nxc4
Nxe4 48. Nxb6 Nf2+ 49. Kh2 Nd3 50. Nc4 Nf4 51. Ne3 e4 52. g5 Kd8 53. Nf5 Nxd5
54. Nxd6 e3 55. Kg2 Nf4+ 56. Kf1 Kd7 57. Nf5 Nd5 58. Nxh4 Nb6 59. Nf5 Nxa4 60.
g6 Ke8 61. h4 1-0

[Event "22nd Costa del Sol it"]
[Site "Torremolinos ESP"]
[Date "1983.02.10"]
[Round "7"]
[White "Roos, Daniel"]
[Black "Tatai, Stefano"]
[Result "1-0"]
[WhiteElo "2410"]
[BlackElo "2435"]
[EventDate "1983.02.01"]
[PlyCount "79"]

1. e4 c5 2. Nc3 Nc6 3. g3 g6 4. Bg2 Bg7 5. d3 d6 6. f4 e6 7. Nf3 Nge7 8. O-O
O-O 9. Be3 Nd4 10. Bf2 Nec6 11. Nd2 f5 12. Nc4 b5 13. Ne3 Bd7 14. Nb1 e5 15. c3
Ne6 16. exf5 gxf5 17. Nd5 Rc8 18. Nd2 Ne7 19. Be3 Kh8 20. Qh5 Nxd5 21. Bxd5
exf4 22. gxf4 Rf6 23. Qe2 Rg6+ 24. Kh1 Nc7 25. Bf3 Re6 26. Rfe1 Bh6 27. Qf2 Ne8
28. d4 Nf6 29. dxc5 dxc5 30. Nb3 Ng4 31. Bxg4 fxg4 32. Bxc5 Bg7 33. Kg1 Rxe1+
34. Rxe1 Bc6 35. Bd4 Qd5 36. Bxg7+ Kg8 37. Qg3 Kxg7 38. Nd4 Bb7 39. f5 Kf7 40.
Re5 1-0

[Event "22nd Costa del Sol it"]
[Site "Torremolinos ESP"]
[Date "1983.02.11"]
[Round "8"]
[White "Bellon Lopez, Juan Manuel"]
[Black "Roos, Daniel"]
[Result "1-0"]
[WhiteElo "2425"]
[BlackElo "2410"]
[EventDate "1983.02.01"]
[PlyCount "82"]

1. e4 c6 2. d4 d5 3. Nd2 dxe4 4. Nxe4 Bf5 5. Ng3 Bg6 6. h4 h6 7. Nh3 Nf6 8. Nf4
Bh7 9. Bc4 e6 10. O-O Bd6 11. Ngh5 O-O 12. Re1 Nbd7 13. Nxe6 fxe6 14. Rxe6 Kh8
15. Rxd6 Qc7 16. Re6 Bg8 17. Nf4 Bf7 18. Bd3 Nh5 19. g3 Ndf6 20. Re5 Nxf4 21.
Bxf4 Qb6 22. c3 Qxb2 23. Qc1 Qxc1+ 24. Rxc1 Bxa2 25. c4 b5 26. cxb5 cxb5 27.
Rxb5 Rad8 28. Bc4 Bxc4 29. Rxc4 Rf7 30. Be5 Ne4 31. Rc2 Kh7 32. Kg2 Nf6 33. f3
Nd5 34. Kf2 a6 35. Ra5 Rb7 36. Ra3 Rb1 37. Rxa6 Nb4 38. Ra7 Nd3+ 39. Ke3 Nxe5
40. dxe5 Rb3+ 41. Kf2 Kg6 1-0

[Event "22nd Costa del Sol it"]
[Site "Torremolinos ESP"]
[Date "1983.02.11"]
[Round "8"]
[White "Campora, Daniel Hugo"]
[Black "Ivkov, Borislav"]
[Result "0-1"]
[WhiteElo "2480"]
[BlackElo "2475"]
[EventDate "1983.02.01"]
[PlyCount "86"]

1. e4 e5 2. Nf3 Nc6 3. Bb5 a6 4. Ba4 Nf6 5. O-O Be7 6. Nc3 b5 7. Bb3 d6 8. Nd5
Na5 9. d4 Bb7 10. dxe5 dxe5 11. Nxf6+ Bxf6 12. Qe2 Nxb3 13. axb3 O-O 14. b4 Qd6
15. c3 c5 16. bxc5 Qxc5 17. Be3 Qc6 18. Nd2 a5 19. f3 Be7 20. Rfc1 Rfc8 21. Nf1
a4 22. Bd2 Rd8 23. Rd1 Bc8 24. Be1 Be6 25. Rxd8+ Bxd8 26. Ne3 Bb3 27. Bf2 Be7
28. Nf5 Bf8 29. Qd2 Qc7 30. Ne3 Rd8 31. Qe2 Qc6 32. Nc2 Qc4 33. Qxc4 bxc4 34.
Nb4 Rd2 35. Rb1 Bxb4 36. cxb4 c3 37. Rc1 Rxb2 38. Rxc3 h5 39. Rc8+ Kh7 40. Be1
a3 41. Ra8 a2 42. Bc3 Rc2 43. Bxe5 f6 0-1

[Event "22nd Costa del Sol it"]
[Site "Torremolinos ESP"]
[Date "1983.02.11"]
[Round "8"]
[White "Fernandez Garcia, Jose Luis"]
[Black "Munoz Moreno, Francisco Javier"]
[Result "1-0"]
[WhiteElo "2435"]
[BlackElo "2265"]
[EventDate "1983.02.01"]
[PlyCount "39"]

1. e4 c5 2. Nf3 Nc6 3. Nc3 e5 4. Bc4 g6 5. d3 Bg7 6. Ng5 Nh6 7. h4 d6 8. h5 Nd4
9. hxg6 hxg6 10. Be3 f6 11. Nf3 Qa5 12. Bd2 Bg4 13. Nd5 Qd8 14. c3 Nc6 15. Ne3
Bxf3 16. Qxf3 Qd7 17. Nd5 Ng8 18. Rxh8 Bxh8 19. Qg3 Nce7 20. Bb5 1-0

[Event "22nd Costa del Sol it"]
[Site "Torremolinos ESP"]
[Date "1983.02.11"]
[Round "8"]
[White "Medina Garcia, Antonio Angel"]
[Black "Rivas Pastor, Manuel"]
[Result "1/2-1/2"]
[WhiteElo "2365"]
[BlackElo "2465"]
[EventDate "1983.02.01"]
[PlyCount "68"]

1. e4 e5 2. Nf3 Nc6 3. Bb5 a6 4. Ba4 Nf6 5. O-O Be7 6. Re1 b5 7. Bb3 O-O 8. c3
d6 9. h3 Bb7 10. d4 Re8 11. Ng5 Rf8 12. Nf3 Nd7 13. Nbd2 Bf6 14. Nf1 Re8 15. d5
Na5 16. Bc2 Nb6 17. b3 c6 18. c4 cxd5 19. cxd5 Bc8 20. Rb1 Bd7 21. Ne3 Nb7 22.
b4 a5 23. a3 axb4 24. axb4 Ra2 25. Bb3 Ra6 26. Qd3 Qa8 27. Bd2 Rc8 28. Kh2 Bd8
29. Ng1 Bg5 30. Rec1 Rxc1 31. Rxc1 Ra3 32. Qc2 h6 33. Nf3 Bd8 34. Nf5 Ra1
1/2-1/2

[Event "22nd Costa del Sol it"]
[Site "Torremolinos ESP"]
[Date "1983.02.11"]
[Round "8"]
[White "Tatai, Stefano"]
[Black "Diez del Corral Rivas, Jesus"]
[Result "0-1"]
[WhiteElo "2435"]
[BlackElo "2430"]
[EventDate "1983.02.01"]
[PlyCount "62"]

1. d4 Nf6 2. c4 g6 3. Nc3 Bg7 4. e4 d6 5. f3 O-O 6. Bg5 a6 7. Qd2 Nc6 8. O-O-O
Rb8 9. d5 Ne5 10. f4 Ned7 11. Re1 b5 12. e5 b4 13. Nd1 dxe5 14. fxe5 Ng4 15. e6
Nc5 16. Nf3 fxe6 17. Nd4 Bd7 18. Nb3 Nxb3+ 19. axb3 Rf5 20. Kb1 exd5 21. Bxe7
Qe8 22. Bd3 Re5 23. Bxb4 d4 24. Ka2 Bh6 25. Rxe5 Qxe5 26. Qe1 Ne3 27. Nxe3 Bxe3
28. Bd2 Bc6 29. Bxe3 dxe3 30. Qc3 Qxc3 31. bxc3 Rd8 0-1

[Event "22nd Costa del Sol it"]
[Site "Torremolinos ESP"]
[Date "1983.02.12"]
[Round "9"]
[White "Diez del Corral Rivas, Jesus"]
[Black "Bellon Lopez, Juan Manuel"]
[Result "0-1"]
[WhiteElo "2430"]
[BlackElo "2425"]
[EventDate "1983.02.01"]
[PlyCount "86"]

1. e4 c5 2. Nf3 e6 3. d3 d6 4. Nbd2 Nc6 5. g3 g6 6. Bg2 Bg7 7. h4 h6 8. c3 Nge7
9. Nf1 b6 10. Qe2 Ba6 11. N1h2 Ne5 12. c4 N7c6 13. O-O Qd7 14. Be3 Nb4 15. Nxe5
dxe5 16. Rfd1 Rd8 17. a3 Nc6 18. Rab1 Qe7 19. Qe1 Nd4 20. Bxd4 Rxd4 21. Qc3 O-O
22. Nf3 Rd7 23. b4 Rfd8 24. Bf1 g5 25. hxg5 hxg5 26. bxc5 Qxc5 27. Be2 f6 28.
a4 Bf8 29. Kg2 Bb7 30. Rh1 Bc6 31. Ra1 g4 32. Nd2 f5 33. Rh4 Qd4 34. Qxd4 Rxd4
35. Kf1 Bb4 36. Ra2 Bxd2 37. Rxd2 Bxe4 38. Rh6 Kf7 39. Rh7+ Kg6 40. Re7 Kf6 41.
Rxa7 Rh8 42. dxe4 Rxd2 43. exf5 exf5 0-1

[Event "22nd Costa del Sol it"]
[Site "Torremolinos ESP"]
[Date "1983.02.12"]
[Round "9"]
[White "Ivkov, Borislav"]
[Black "Fernandez Garcia, Jose Luis"]
[Result "1/2-1/2"]
[WhiteElo "2475"]
[BlackElo "2435"]
[EventDate "1983.02.01"]
[PlyCount "29"]

1. d4 Nf6 2. c4 e6 3. Nc3 Bb4 4. Qc2 O-O 5. Nf3 b6 6. Bg5 Bb7 7. e3 h6 8. Bh4
g5 9. Bg3 Ne4 10. Nd2 Bxc3 11. bxc3 Nxg3 12. hxg3 Kg7 13. a4 Nc6 14. Nb3 Ne7
15. a5 1/2-1/2

[Event "22nd Costa del Sol it"]
[Site "Torremolinos ESP"]
[Date "1983.02.12"]
[Round "9"]
[White "Munoz Moreno, Francisco Javier"]
[Black "Tatai, Stefano"]
[Result "1/2-1/2"]
[WhiteElo "2265"]
[BlackElo "2435"]
[EventDate "1983.02.01"]
[PlyCount "74"]

1. e4 c5 2. Nf3 d6 3. d4 cxd4 4. Nxd4 Nf6 5. Nc3 a6 6. Be2 e5 7. Nb3 Be7 8. O-O
O-O 9. a4 Be6 10. f4 Qc7 11. Kh1 Nbd7 12. f5 Bc4 13. Be3 Rfc8 14. a5 b5 15.
axb6 Nxb6 16. Ra2 Bxe2 17. Qxe2 Nc4 18. Bg5 Nxb2 19. Bxf6 Bxf6 20. Nd5 Qc4 21.
Qf3 Na4 22. Rfa1 Nc3 23. Nb6 Qc6 24. Nxc8 Nxa2 25. Rxa2 Rxc8 26. Qd3 h5 27. g3
Qb5 28. Rxa6 Qxd3 29. cxd3 Rc3 30. Na5 Rxd3 31. Nc4 d5 32. Ra8+ Kh7 33. Nd6
dxe4 34. Nxe4 Bd8 35. Kg2 f6 36. Nc5 Rd2+ 37. Kf3 Be7 1/2-1/2

[Event "22nd Costa del Sol it"]
[Site "Torremolinos ESP"]
[Date "1983.02.12"]
[Round "9"]
[White "Rivas Pastor, Manuel"]
[Black "Campora, Daniel Hugo"]
[Result "1/2-1/2"]
[WhiteElo "2465"]
[BlackElo "2480"]
[EventDate "1983.02.01"]
[PlyCount "58"]

1. d4 Nf6 2. c4 e6 3. Nf3 d5 4. Nc3 Nbd7 5. Bg5 Be7 6. e3 c6 7. Qc2 O-O 8. Rd1
a6 9. a3 h6 10. Bh4 b5 11. c5 Nh5 12. Bxe7 Qxe7 13. Be2 Nhf6 14. e4 dxe4 15.
Nxe4 Nxe4 16. Qxe4 Nf6 17. Qc2 Rd8 18. O-O a5 19. Ne5 Qc7 20. Rfe1 Bd7 21. Bf1
Be8 22. g3 Ra7 23. h4 Nh7 24. Qe4 Qc8 25. Bh3 Nf8 26. Nd3 Qb8 27. Bg2 Rad7 28.
Ne5 Rc7 29. Qe3 Qc8 1/2-1/2

[Event "22nd Costa del Sol it"]
[Site "Torremolinos ESP"]
[Date "1983.02.12"]
[Round "9"]
[White "Roos, Daniel"]
[Black "Medina Garcia, Antonio Angel"]
[Result "1-0"]
[WhiteElo "2410"]
[BlackElo "2365"]
[EventDate "1983.02.01"]
[PlyCount "85"]

1. e4 e5 2. Nf3 Nc6 3. Bc4 Nf6 4. d3 Bc5 5. O-O d6 6. c3 O-O 7. Nbd2 a6 8. Bb3
Ba7 9. Re1 Be6 10. Nf1 h6 11. Be3 Re8 12. Bxa7 Rxa7 13. Bxe6 Rxe6 14. Ng3 Ra8
15. d4 Re8 16. Qb3 Rb8 17. Rad1 Qe7 18. Qa3 g6 19. d5 Nd8 20. c4 Nd7 21. b4 Rf8
22. c5 f5 23. Rc1 f4 24. Nf1 Nf6 25. Qa5 Nf7 26. cxd6 cxd6 27. N1d2 Rfc8 28.
Qb6 Qd7 29. Nc4 Kg7 30. Nfd2 Rc7 31. Na5 Rbc8 32. Rxc7 Rxc7 33. Ndc4 g5 34. a4
Ne8 35. b5 axb5 36. Qxb5 Qc8 37. Nb6 Qd8 38. Nac4 Rc5 39. Qb4 Qc7 40. a5 g4 41.
Rc1 Nf6 42. Na4 Nxd5 43. Nxc5 1-0